<?xml version="1.0" encoding="UTF-8"?>
<record
    xmlns:xsi="http://www.w3.org/2001/XMLSchema-instance"
    xsi:schemaLocation="http://www.loc.gov/MARC21/slim http://www.loc.gov/standards/marcxml/schema/MARC21slim.xsd"
    xmlns="http://www.loc.gov/MARC21/slim">

  <leader>02109cam a22002775a 4500</leader>
  <controlfield tag="001">013334892</controlfield>
  <controlfield tag="003">OSt</controlfield>
  <controlfield tag="005">20180417160325.0</controlfield>
  <controlfield tag="008">051010s2005    paua     b    001 0 eng d</controlfield>
  <datafield tag="020" ind1=" " ind2=" ">
    <subfield code="a">1416028226</subfield>
  </datafield>
  <datafield tag="020" ind1=" " ind2=" ">
    <subfield code="a">9781416028222</subfield>
  </datafield>
  <datafield tag="040" ind1=" " ind2=" ">
    <subfield code="a">COU</subfield>
    <subfield code="c">COU</subfield>
    <subfield code="b">eng</subfield>
    <subfield code="d">EG-ScBUE</subfield>
  </datafield>
  <datafield tag="082" ind1="0" ind2="4">
    <subfield code="2">22</subfield>
    <subfield code="a">617.6005</subfield>
    <subfield code="b">DEN</subfield>
  </datafield>
  <datafield tag="245" ind1="0" ind2="0">
    <subfield code="a">Dental clinics of North America :</subfield>
    <subfield code="b">Incipient and hidden caries /</subfield>
    <subfield code="c">guest editor Daniel W. Boston.</subfield>
  </datafield>
  <datafield tag="260" ind1=" " ind2=" ">
    <subfield code="a">Philadelphia :</subfield>
    <subfield code="b">Saunders,</subfield>
    <subfield code="c">2005.</subfield>
  </datafield>
  <datafield tag="300" ind1=" " ind2=" ">
    <subfield code="a">1 v. (Various pagings) :</subfield>
    <subfield code="b">ill. ;</subfield>
    <subfield code="c">24 cm.</subfield>
  </datafield>
  <datafield tag="490" ind1="0" ind2=" ">
    <subfield code="a">Dental clinics of North America,</subfield>
    <subfield code="x">0011-8532 ;</subfield>
    <subfield code="v">v. 49, no. 4</subfield>
  </datafield>
  <datafield tag="504" ind1=" " ind2=" ">
    <subfield code="a">Includes bibliographical references and index.</subfield>
  </datafield>
  <datafield tag="505" ind1="0" ind2=" ">
    <subfield code="a">Defining, classifying, and placing incipient caries lesions in perspective / Graham J. Mount -- Association of diet with dental caries in preschool children / Norman Tinanoff -- Utility of radiology, laser fluorescence, and transillumination / Jie Yang and Vinicius Dutra -- Quantitative light fluorescence: a technology for early monitoring of the caries process / George K. Stookey -- Early caries imaging and monitoring with near-infrared light / Daniel Fried ... [et al.] -- Dental hygiene participation in managing incipient and hidden caries / Caren M. Barnes -- Preventive resin restorations and sealants in light of current evidence / Richard J. Simonsen -- Treatment decisions and conservation of tooth structure / Joseph B. Dennison and James C. Hamilton -- Conservative operative management strategies / Dorothy McComb -- Contemporary treatment of incipient caries and the rationale for conservative operative techniques / Howard E. Strassler, Judith Porter, and Cheryl L. Serio -- Bonding and curing considerations for incipient and hidden caries / Mark A. Latta and William T. Naughton -- Nonsurgical treatment of incipient and hidden caries / Van P. Thompson and James M. Kaim.</subfield>
  </datafield>
  <datafield tag="650" ind1=" " ind2="7">
    <subfield code="a">Dental caries.</subfield>
    <subfield code="9">41374</subfield>
    <subfield code="2">BUEsh</subfield>
  </datafield>
  <datafield tag="651" ind1=" " ind2=" ">
    <subfield code="2">BUEsh</subfield>
  </datafield>
  <datafield tag="653" ind1=" " ind2=" ">
    <subfield code="b">GGEN</subfield>
    <subfield code="b">DDent</subfield>
    <subfield code="c">April2018</subfield>
  </datafield>
  <datafield tag="700" ind1="1" ind2=" ">
    <subfield code="a">Boston, Daniel W.,</subfield>
    <subfield code="e">editor.</subfield>
  </datafield>
  <datafield tag="856" ind1=" " ind2=" ">
    <subfield code="3">1850-9999</subfield>
    <subfield code="u">http://www.elsevier.com/journals</subfield>
  </datafield>
  <datafield tag="942" ind1=" " ind2=" ">
    <subfield code="2">ddc</subfield>
  </datafield>
  <datafield tag="999" ind1=" " ind2=" ">
    <subfield code="c">26533</subfield>
    <subfield code="d">26505</subfield>
  </datafield>
  <datafield tag="952" ind1=" " ind2=" ">
    <subfield code="0">0</subfield>
    <subfield code="1">0</subfield>
    <subfield code="2">ddc</subfield>
    <subfield code="4">0</subfield>
    <subfield code="7">0</subfield>
    <subfield code="a">MAIN</subfield>
    <subfield code="b">MAIN</subfield>
    <subfield code="c">1ST</subfield>
    <subfield code="d">2018-04-17</subfield>
    <subfield code="l">0</subfield>
    <subfield code="o">617.6005 DEN</subfield>
    <subfield code="p">000047635</subfield>
    <subfield code="r">2025-07-15 00:00:00</subfield>
    <subfield code="y">BB</subfield>
  </datafield>
</record>
